000 01083cam a2200313 i 4500
001 4144939
003 ARRUPE
005 20140612131414.0
008 771206s1976 sa a b 000 0 eng
010 _a 77372103
015 _aSA76
020 _a0869853260 :
_cR5.50
040 _aDLC
_cDLC
_dDLC
043 _af-sa---
050 0 0 _aSB202.S6
_bT34
082 0 0 _a633/.2/009684
100 1 _aTainton, Neil Melbourne.
_910913
245 1 0 _aCommon veld and pasture grasses of Natal /
_cN. M. Tainton, D. I. Bransby, [and] P. de V. Booysen.
260 _aPietermaritzburg :
_bShuter and Shooter,
_c1976.
300 _a[x], 198 p. :
_bill. ;
_c21 cm.
504 _aBibliography: p. 198.
650 0 _aGrasses
_zSouth Africa
_zKwaZulu-Natal
_vIdentification.
_910914
650 0 _aGrasslands
_zSouth Africa
_zKwaZulu-Natal.
_910915
650 0 _aPastures
_zSouth Africa
_zKwaZulu-Natal.
_910916
700 1 _aBransby, D. I.,
_ejoint author.
_910917
700 1 _aBooysen, P. de V.,
_ejoint author.
_910918
906 _a7
_bcbc
_corignew
_d4
_encip
_f19
_gy-gencatlg
942 _2lcc
_cSPC
999 _c120733
_d120733